000 00278nam a2200109Ia 4500
008 200302s9999 xx 000 0 und d
100 _aDebbie Fry and Robyn Beaver
245 _aPerkins+Will
260 _bThe Images Publishing Group Pvt. Ltd.
260 _c2011
300 _a348 P.,
999 _c3929
_d3929